000
00298nam a22001337a 4500
008
181009b xxu||||| |||| 00| 0 eng d
020
_a
9780323013994
041
_a
eng
080
_a
610.73
100
_a
2
101
_a
INF
245
_a
Maternal Child Nursing Care
_c
Wong, D.L
942
_2
udc
_c
BK
999
_c
49126
_d
49126